UBT Library

Metodologjia ne Psikologji (Record no. 58317)

000 -LEADER
fixed length control field 00318nam a22001457a 4500
008 - FIXED-LENGTH DATA ELEMENTS--GENERAL INFORMATION
fixed length control field 220131b ||||| |||| 00| 0 eng d
020 ## - INTERNATIONAL STANDARD BOOK NUMBER
International Standard Book Number 9786082363608
041 ## - LANGUAGE CODE
Language code of text/sound track or separate title alb
080 ## - UNIVERSAL DECIMAL CLASSIFICATION NUMBER
Universal Decimal Classification number 712
082 ## - DEWEY DECIMAL CLASSIFICATION NUMBER
Classification number 712
100 ## - Rafti
Rafti 25.2
101 ## - Shkurtesa
Shkurtesa PSI
245 ## - TITLE STATEMENT
Title Metodologjia ne Psikologji
Statement of responsibility, etc Osmani Q.
942 ## - ADDED ENTRY ELEMENTS (KOHA)
Source of classification or shelving scheme
Item type Books

No items available.

UBT Library © 2015-2024. All rights reserved University Education for Business and Technology